000 00315nam a2200109Ia 4500
008 171211s9999 xx 000 0 und d
245 2 _aA Dictionary of Human Rights
245 _cDavid Robertson
260 _c2004
650 _xEncyclopedia and Dictionary
856 _uhttp://down.ebook777.com/053/9781857432077.pdf
999 _c350226
_d350226